00439nam a22001097a 4500008004100000040005500041080001200096245013400108260004900242300002200291650001600313230428b |||||||| |||| 00| 0 eng d aNational Science LibrarycNational Science Library a539(05) aNuclear physics symposiumc/ Proceedings of the nuclear........................................27 February - 2 March, 1963 Bombay aIndia: bDepartment of Atomic Energy, c1963 axiii, 463+xviiip. aProceedings